LEADER 01311nam a2200289 4500 001 000000347854 003 CaOOAMICUS 005 20240725105213.0 008 210915s2021 it a 000 u ita r 020 $a978-88-99723-29-3 040 $aSeMil$bita 100 1 $aCetoloni, Rodolfo.$0(OLS)http://semarc/name/114677 245 10$aPala Bardi :$buna lettura /$cRodolfo Cetoloni. 264 1$aFirenze :$bEdizioni Toscana Oggi,$cstampa 2021. 300 $a78 p. :$bill. ;$c20x20 cm 541 0 $aOmaggio mons. Mario Delpini (5B III 61/15) 650 4$aFirenze - Chiese - Basilica di Santa Croce - Cappella Bardi.$0(OLS)http://semarc/subject/56031 650 4$aFrancesco : d'Assisi - Iconografia - Sec. 13.$0(OLS)http://semarc/subject/29273 650 04$aCoppo : di Marcovaldo - Opere.$0(OLS)http://semarc/subject/51047 850 $aSeMil 852 $aSeMil$W1$xVenegono$y1$m5B III 61/15$j233119$B238899$CSeMilBibl$Z2$F238899 $81 941 1 $a7 961 $aOmaggio mons. Mario Delpini 996 $6020$a978-88-99723-29-3$9(OLS)http://semarc/number/294115 996 $6245$aPala Bardi :$buna lettura$9(OLS)http://semarc/title/437158 996 $6264$aFirenze :$bEdizioni Toscana Oggi$9(OLS)http://semarc/publisher/59619 LEADER 00835nam a2200217 i 4500 001 000000234978 003 CaOOAMICUS 005 20251028085335.0 008 141027s1824 it u000 u ita u 026 $ao.n- i-la siui rane (3) 1824 (A) 040 $aSeMil$bita 245 10$aTomo 2. 300 $a[2], 293, [1] p. 500 $aSegn.: [A]-S8 T4 773 0 $aPistolesi, Erasmo$tVita del sommo pontefice Pio 7. Opera di Erasmo Pistolesi. Tomo 1. [-4].$dRoma : Presso Francesco Bourlié : si vende da Domenico Minù, incontro al Caravita num. 177, 1824-1830.$g2$w()30817 850 $aSeMil 852 $aSeMil$W1$xVenegono$y1$m3B II 109 FA$j185324$B185324$CSeMilBibl$Z2$F196199 $8I 941 1 $a10 961 $aRecupero: Mantegazza 996 $6245$aTomo 2$9(OLS)http://semarc/title/49331